000
00296nam a22001337a 4500
008
170927b xxu||||| |||| 00| 0 eng d
020
_a
2900131584166
041
_a
eng
080
_2
5 ED
_a
37
100
_a
46
101
_a
EDU
245
_a
TEACHING WRITING
_c
TAMPKINS.G.T
942
_2
udc
_c
BK
999
_c
30121
_d
30121